| 000 | 00563nam a2200193Ia 4500 | ||
|---|---|---|---|
| 005 | 20250326142920.0 | ||
| 008 | 250326s9999 xx 000 0 und d | ||
| 020 | _a0-7506-5026-5 | ||
| 037 | _aTextbook | ||
| 040 |
_aFMSL _beng _cFMSL |
||
| 041 |
_aeng _2eng |
||
| 084 |
_aX65:8 P2 _qFMSL |
||
| 100 |
_aKnight J _9746889 |
||
| 245 | 0 |
_aPerformance Measurement:in fice, firms, and managers _cKnight J; Satchell S |
|
| 260 |
_aBoston _bBoston, Butterworth Heinemann _c2002 |
||
| 300 | _a395p | ||
| 942 |
_cTB _hX65:8 P2 |
||
| 999 |
_c1297250 _d1297250 |
||